Normal view
MARC view
Entry Topical Term
001 - CONTROL NUMBER
- control field: 8888
003 - CONTROL NUMBER IDENTIFIER
- control field: OSt
005 - DATE AND TIME OF LATEST TRANSACTION
- control field: 20160523141454.0
008 - FIXED-LENGTH DATA ELEMENTS
- fixed length control field: 160523|| aca||aabn | a|a d
040 ## - CATALOGING SOURCE
- Original cataloging agency: OSt
- Transcribing agency: OSt
150 ## - HEADING--TOPICAL TERM
- Topical term or geographic name entry element: Analog electronics
670 ## - SOURCE DATA FOUND
- Source citation: Work cat.: (OSt): Northrop, Robert B. 8887, Analysis and application of Analog Electronic Circuits to Biomedical Instruntation
